000 00703cam a22002294a 4500
001 12798250
005 20180228083947.0
008 020601s2002 nyua 001 0 eng
010 _a 2002069027
020 _a0446677264
040 _aDLC
_cDLC
_dDLC
041 _aeng
042 _apcc
080 _a510 MAR
082 0 0 _a510 MAR
_221
100 1 _a38
101 _aMAT
245 1 0 _aEveryday math for everyday life :
_cMark Ryan.
906 _a7
_bcbc
_corignew
_d1
_eocip
_f20
_gy-gencatlg
942 _2ddc
_cBK
999 _c43718
_d43718